书目信息 |
| 题名: |
综合素质
|
|
| 作者: | ;张新刚 编著 ;国家教师资格考试研究中心 主编 | |
| 分册: | 幼儿园 | |
| 出版信息: | 北京 人民邮电出版社 2015.03 |
|
| 页数: | 376页 | |
| 开本: | 26cm | |
| 丛书名: | ||
| 单 册: | ||
| 中图分类: | G451.6 , G615 | |
| 科图分类: | ||
| 主题词: | 教师素质--资格考试--教材 , 幼教人员--教师素质--资格考试--教材 | |
| 电子资源: | ||
| ISBN: | 978-7-115-38311-2 | |
| 000 | 01193nam0 2200301 450 | |
| 001 | 0120151517169 | |
| 005 | 20160704090619.96 | |
| 010 | @a978-7-115-38311-2@dCNY49.00(含光盘) | |
| 100 | @a20150410d2015 em y0chiy50 ea | |
| 101 | 0 | @achi |
| 102 | @aCN@b110000 | |
| 105 | @aak z 000yy | |
| 106 | @ar | |
| 200 | 1 | @a综合素质@9zong he su zhi@i幼儿园@f国家教师资格考试研究中心主编@g张新刚编著 |
| 210 | @a北京@c人民邮电出版社@d2015.03 | |
| 215 | @a376页@c图@d26cm@e1光盘 | |
| 300 | @a国家教师资格考试通用教材 严格依据教育部考试中心最新考试大纲编写 2015年考试专用 | |
| 307 | @a附光盘:ISBN 978-7-89397-413-7 | |
| 330 | @a本书有五个模块,每个模块均全面、细致地讲解了“综合素质(幼儿园)”科目的相关知识,并设有“知识架构”“考情分析”“考点地图”“名师提点”“真题链接”“自测题”等栏目。 | |
| 333 | @a参加国家教师资格考试的考生学习 | |
| 606 | 0 | @a教师素质@x资格考试@j教材 |
| 606 | 0 | @a幼教人员@x教师素质@x资格考试@j教材 |
| 690 | @aG451.6@v5 | |
| 690 | @aG615@v5 | |
| 702 | 0 | @a张新刚@9zhang xin gang@4编著 |
| 711 | 02 | @a国家教师资格考试研究中心@9guo jia jiao shi zi ge kao shi yan jiu zhong xin@4主编 |
| 801 | 0 | @aCN@b人天书店@c20150410 |
| 905 | @b880436-41@dG451.6@e158@f6 | |
| 综合素质.幼儿园/国家教师资格考试研究中心主编/张新刚编著.-北京:人民邮电出版社,2015.03 |
| 376页:图;26cm+1光盘 |
| 国家教师资格考试通用教材 严格依据教育部考试中心最新考试大纲编写 2015年考试专用.-使用对象:参加国家教师资格考试的考生学习 |
| ISBN 978-7-115-38311-2:CNY49.00(含光盘) |
| 本书有五个模块,每个模块均全面、细致地讲解了“综合素质(幼儿园)”科目的相关知识,并设有“知识架构”“考情分析”“考点地图”“名师提点”“真题链接”“自测题”等栏目。 |
| ● |
| 相关链接 |
|
|
|
|
正题名:综合素质
索取号:G451.6/158
 
预约/预借
| 序号 | 登录号 | 条形码 | 馆藏地/架位号 | 状态 | 备注 |
| 1 | 880436 | 208804365 | 第一样本阅览室/ [索取号:G451.6/158] | 在馆 | |
| 2 | 880437 | 208804374 | 教育系资料室/ [索取号:G451.6/158] | 在馆 | |
| 3 | 880438 | 208804383 | 教育系资料室/ [索取号:G451.6/158] | 在馆 | |
| 4 | 880439 | 208804392 | 教育系资料室/ [索取号:G451.6/158] | 在馆 | |
| 5 | 880440 | 208804409 | 第四借阅区/ [索取号:G451.6/158] | 在馆 | |
| 6 | 880441 | 208804418 | 第四借阅区/ [索取号:G451.6/158] | 在馆 |